000 00549nam a2200181Ia 4500
001 22627
005 20260414150843.0
008 260414t2014||||xx |||||||||||||| ||spa||
041 _aESP
082 _a621.3822
_bM568
100 _aMoukadem, Ali
_eAUT
245 0 _aTime-frequency domain for segmentation and classification of non-stationary signals :
_bthe stockwell transform applied on bio-signals and electric signals
260 _c2014
300 _a133 páginas :
_c24 cm.
650 _aTCA
654 _aCET
942 _cLIB
_dJUS
_fJUS
_2ddc
_n
999 _c22627
_d22627